|
|
|
|
| LEADER |
01195nam a2200253 a 4500 |
| 001 |
GR-Patra26306 |
| 003 |
GR-PaULI |
| 005 |
20240219122641.0 |
| 008 |
060117s2006 nyu g b 001 b eng d |
| 020 |
|
|
|a 0387282882
|
| 040 |
|
|
|a GR-PaULI
|b gre
|c GR-PaULI
|e AACR2
|
| 082 |
0 |
4 |
|a 006.32
|2 23
|
| 245 |
0 |
0 |
|a Methods and procedures for the verification and validation of artificial neural networks /
|c edited by Brian J. Taylor.
|
| 260 |
|
|
|a New York :
|b Springer,
|c c2006.
|
| 300 |
|
|
|a x, 277 σ. :
|b εικ. ;
|c 24 εκ.
|
| 504 |
|
|
|a Περιλαμβάνει βιβλιογραφίες και ευρετήριο.
|
| 650 |
|
4 |
|a Τεχνητή νοημοσύνη
|9 115402
|
| 650 |
|
4 |
|a Νευρωνικά δίκτυα (Επιστήμη των υπολογιστών)
|9 24338
|
| 650 |
|
4 |
|a Αστροναυτική
|9 202128
|x Επεξεργασία δεδομένων.
|
| 700 |
1 |
|
|a Taylor, Brian J.
|e επιμελητής.
|9 71019
|
| 856 |
4 |
0 |
|u http://dx.doi.org/10.1007/0-387-29485-6
|
| 942 |
|
|
|2 ddc
|c BK
|
| 952 |
|
|
|0 0
|1 0
|2 ddc
|4 0
|6 006_320000000000000_MET
|7 0
|9 308596
|a LISP
|b LISP
|c BSC
|d 2021-01-17
|e
|f
|i 42068
|l 0
|o 006.32 MET
|p 025000307673
|r 2021-01-17 00:00:00
|t 1
|w 0000-00-00
|y BK15
|x
|x
|
| 999 |
|
|
|c 177824
|d 177824
|